Are men animals? : how modern masculinity sells men short

Bibliographic Details
Main Author: Gutmann, Matthew
Format: Book
Published: New York : Basic Books , 2019
Subjects:

MARC

LEADER 00000cam a2200000 7i4500
001 0000280856
005 20200929152819.0
020 |a 9781541699588 
090 0 0 |a 155.332   |b GUT 
100 1 |a Gutmann, Matthew 
245 1 0 |a Are men animals? :   |b how modern masculinity sells men short   |c Matthew Gutmann 
260 |a New York :   |b Basic Books ,   |c 2019 
300 |a 309p. ;   |c 24cm. 
650 0 |a Masculinity 
650 0 |a Men-Identity 
650 0 |a Sex role 
999 |a 00384916   |b BUKU   |c PINJAMAN   |e PERPUSTAKAAN KOMUNITI PETALING JAYA